Commodity Trade Statistics 1991

Gespeichert in:
Bibliographische Detailangaben
Format: Buch
Sprache:Englisch
Veröffentlicht: New York United Nations 1992
Ausgabe:1. ed.
Schlagworte:
Tags: Tag hinzufügen
Keine Tags, Fügen Sie das erste Tag hinzu!

MARC

LEADER 00000nam a2200000 4500
001 c003253
005 20221221080051.3
041 0 |a eng 
044 |a US 
245 1 0 |a Commodity Trade Statistics 1991 
250 |a 1. ed. 
264 1 |a New York  |b United Nations  |c 1992 
300 |a 286 s. 
610 2 0 |a obchod 
610 2 0 |a komodity 
610 2 0 |a štatistika 
610 2 0 |a 1991